<?xml version="1.0" encoding="UTF-8"?>
<record
    xmlns:xsi="http://www.w3.org/2001/XMLSchema-instance"
    xsi:schemaLocation="http://www.loc.gov/MARC21/slim http://www.loc.gov/standards/marcxml/schema/MARC21slim.xsd"
    xmlns="http://www.loc.gov/MARC21/slim">

  <leader>04428cam a22004334a 4500</leader>
  <controlfield tag="001">14167174</controlfield>
  <controlfield tag="003">OSt</controlfield>
  <controlfield tag="005">20210220154343.0</controlfield>
  <controlfield tag="008">051108s2007    paua     b    001 0 eng  </controlfield>
  <datafield tag="010" ind1=" " ind2=" ">
    <subfield code="a">  2005032488</subfield>
  </datafield>
  <datafield tag="016" ind1="7" ind2=" ">
    <subfield code="a">101261259</subfield>
    <subfield code="2">DNLM</subfield>
  </datafield>
  <datafield tag="020" ind1=" " ind2=" ">
    <subfield code="a">078175772X (alk. paper)</subfield>
  </datafield>
  <datafield tag="020" ind1=" " ind2=" ">
    <subfield code="a">9780781757720</subfield>
  </datafield>
  <datafield tag="035" ind1=" " ind2=" ">
    <subfield code="a">(OCoLC)ocm62302310</subfield>
  </datafield>
  <datafield tag="040" ind1=" " ind2=" ">
    <subfield code="a">DNLM/DLC</subfield>
    <subfield code="c">DLC</subfield>
    <subfield code="d">YDX</subfield>
    <subfield code="d">NLM</subfield>
    <subfield code="d">BAKER</subfield>
    <subfield code="d">IXA</subfield>
    <subfield code="d">MUQ</subfield>
    <subfield code="d">DLC</subfield>
    <subfield code="d">PHNSL</subfield>
  </datafield>
  <datafield tag="042" ind1=" " ind2=" ">
    <subfield code="a">pcc</subfield>
  </datafield>
  <datafield tag="050" ind1="0" ind2="0">
    <subfield code="a">RT71</subfield>
    <subfield code="b">.T343 2007</subfield>
  </datafield>
  <datafield tag="060" ind1="0" ind2="0">
    <subfield code="a">2006 G-898</subfield>
  </datafield>
  <datafield tag="060" ind1="1" ind2="0">
    <subfield code="a">WY 18</subfield>
    <subfield code="b">T2523 2007</subfield>
  </datafield>
  <datafield tag="082" ind1="0" ind2="0">
    <subfield code="a">610.73071</subfield>
    <subfield code="2">22</subfield>
  </datafield>
  <datafield tag="245" ind1="0" ind2="0">
    <subfield code="a">Teaching nursing :</subfield>
    <subfield code="b">developing a student-centered learning environment /</subfield>
    <subfield code="c">[edited by] Lynne E. Young, Barbara L. Paterson.</subfield>
  </datafield>
  <datafield tag="260" ind1=" " ind2=" ">
    <subfield code="a">Philadelphia :</subfield>
    <subfield code="b">Lippincott Williams &amp; Wilkins,</subfield>
    <subfield code="c">2007.</subfield>
  </datafield>
  <datafield tag="300" ind1=" " ind2=" ">
    <subfield code="a">xxviii, 600 p. :</subfield>
    <subfield code="b">ill. ;</subfield>
    <subfield code="c">24 cm.</subfield>
  </datafield>
  <datafield tag="504" ind1=" " ind2=" ">
    <subfield code="a">Includes bibliographical references and index.</subfield>
  </datafield>
  <datafield tag="505" ind1="0" ind2=" ">
    <subfield code="a">Teaching nursing: theories and concepts -- Student-centered teaching in nursing: from rote to active learning / Lynne E. Young and Bruce Maxwell -- Decision making in nursing education: a model to support student-centered learning / Lynne E. Young ... [et al.] -- Perspectives on teaching: discovering biases / Daniel D. Pratt and Barbara L. Paterson -- Learning styles: maps, myths, or masks? / Barbara L. Paterson and Daniel D. Pratt -- From filling a bucket to lighting a fire: aligning nursing education and nursing practice / Helen Brown and Gweneth Hartrick Doane -- Theories and concepts to guide distance education using student-centered approaches / Victoria S. Murrell ... [et al.] -- Methods and approaches to student-centered learning in nursing -- Beyond case studies in practice education: creating capacities for ethical knowledge through story and narrative / Helen Brown and Patricia Rodney -- Story-based learning: blending content and process to learn nursing / Lynne E. Young -- Teaching the McGill model of nursing and client-centered care: collaborative strategies for staff education and development / Catherine Pugnaire-Gros and Lynne E. Young -- Context-based learning / Beverly Williams and Rene A. Day -- Tutoring problem-based learning: a model for student-centered teaching / Angela Wolff.</subfield>
  </datafield>
  <datafield tag="505" ind1="0" ind2=" ">
    <subfield code="a">Lectures for active learning in nursing education / Marilyn H. Oermann -- Models and strategies for teaching by distance education using student-centered approaches / Cynthia K. Russell ... [et al.] -- Constructing nursing curricula: challenges and issues -- Historical influences of nursing curriculum / Jo Ellen Dattilo and M. Kathleen Brewer -- Conceptualizing the purpose of nursing: philosophical challenges in creating meaningful theoretical learning experiences / Sally Thorne -- Aftermath of the curriculum revolution: what did we overthrow? / Mary Ellen Purkis -- Knowledge and knowing made manifest: curriculum process in student-centered learning / Carol Jillings and Kathy O'Flynn-Magee -- Preceptorship pathways for the senior undergraduate nursing student / Olive J. Yonge and Florence Myrick -- Living curricular concepts: opening pedagogical spaces / Anne Bruce -- Student-centered teaching: challenges and issues for faculty -- Racing around the classroom margins: race, racism, and teaching nursing / Colleen Varcoe and Janice McCormick -- Barriers to student-centered teaching: overcoming institutional and attitudinal obstacles / Carol Jillings -- Challenges, issues, and barriers to student-centered approaches in distance education / W. Dean Care ... [et al.] -- Demonstrating the scholarship of teaching: a sample course portfolio / Beverly Williams -- Toward a new future -- Career development: what new faculty members need to know, see, and do / Janet L. Storch -- Musings: reflecting on the future of nursing education / Barbara L. Paterson.</subfield>
  </datafield>
  <datafield tag="650" ind1=" " ind2="0">
    <subfield code="a">Nursing</subfield>
    <subfield code="x">Study and teaching.</subfield>
  </datafield>
  <datafield tag="650" ind1=" " ind2="0">
    <subfield code="a">Student-centered learning.</subfield>
  </datafield>
  <datafield tag="650" ind1="1" ind2="2">
    <subfield code="a">Education, Nursing.</subfield>
  </datafield>
  <datafield tag="650" ind1="2" ind2="2">
    <subfield code="a">Learning.</subfield>
  </datafield>
  <datafield tag="650" ind1="2" ind2="2">
    <subfield code="a">Teaching</subfield>
    <subfield code="x">methods.</subfield>
  </datafield>
  <datafield tag="700" ind1="1" ind2=" ">
    <subfield code="a">Young, Lynne E.</subfield>
  </datafield>
  <datafield tag="700" ind1="1" ind2=" ">
    <subfield code="a">Paterson, Barbara L.</subfield>
  </datafield>
  <datafield tag="856" ind1="4" ind2="1">
    <subfield code="3">Table of contents only</subfield>
    <subfield code="u">http://www.loc.gov/catdir/toc/ecip063/2005032488.html</subfield>
  </datafield>
  <datafield tag="856" ind1="4" ind2="2">
    <subfield code="3">Publisher description</subfield>
    <subfield code="u">http://www.loc.gov/catdir/enhancements/fy0803/2005032488-d.html</subfield>
  </datafield>
  <datafield tag="906" ind1=" " ind2=" ">
    <subfield code="a">7</subfield>
    <subfield code="b">cbc</subfield>
    <subfield code="c">orignew</subfield>
    <subfield code="d">1</subfield>
    <subfield code="e">ecip</subfield>
    <subfield code="f">20</subfield>
    <subfield code="g">y-gencatlg</subfield>
  </datafield>
  <datafield tag="942" ind1=" " ind2=" ">
    <subfield code="2">lcc</subfield>
    <subfield code="c">BK</subfield>
  </datafield>
  <datafield tag="999" ind1=" " ind2=" ">
    <subfield code="c">512</subfield>
    <subfield code="d">512</subfield>
  </datafield>
  <datafield tag="952" ind1=" " ind2=" ">
    <subfield code="0">0</subfield>
    <subfield code="1">0</subfield>
    <subfield code="2">lcc</subfield>
    <subfield code="4">0</subfield>
    <subfield code="7">0</subfield>
    <subfield code="a">PHNS</subfield>
    <subfield code="b">PHNS</subfield>
    <subfield code="c">GEN</subfield>
    <subfield code="d">2021-02-20</subfield>
    <subfield code="l">0</subfield>
    <subfield code="o">RT71.T22</subfield>
    <subfield code="p">01033</subfield>
    <subfield code="r">2021-02-20 00:00:00</subfield>
    <subfield code="t">c.1</subfield>
    <subfield code="w">2021-02-20</subfield>
    <subfield code="y">BK</subfield>
    <subfield code="z">soa 20/02/21</subfield>
  </datafield>
  <datafield tag="952" ind1=" " ind2=" ">
    <subfield code="0">0</subfield>
    <subfield code="1">0</subfield>
    <subfield code="2">lcc</subfield>
    <subfield code="4">0</subfield>
    <subfield code="7">0</subfield>
    <subfield code="a">PHNS</subfield>
    <subfield code="b">PHNS</subfield>
    <subfield code="c">GEN</subfield>
    <subfield code="d">2021-02-20</subfield>
    <subfield code="l">0</subfield>
    <subfield code="o">RT71.T22</subfield>
    <subfield code="p">01034</subfield>
    <subfield code="r">2021-02-20 00:00:00</subfield>
    <subfield code="t">c.2</subfield>
    <subfield code="w">2021-02-20</subfield>
    <subfield code="y">BK</subfield>
    <subfield code="z">soa 20/02/21</subfield>
  </datafield>
  <datafield tag="952" ind1=" " ind2=" ">
    <subfield code="0">0</subfield>
    <subfield code="1">0</subfield>
    <subfield code="2">lcc</subfield>
    <subfield code="4">0</subfield>
    <subfield code="7">0</subfield>
    <subfield code="a">PHNS</subfield>
    <subfield code="b">PHNS</subfield>
    <subfield code="c">GEN</subfield>
    <subfield code="d">2021-02-20</subfield>
    <subfield code="l">0</subfield>
    <subfield code="o">RT71.T22</subfield>
    <subfield code="p">01035</subfield>
    <subfield code="r">2021-02-20 00:00:00</subfield>
    <subfield code="t">c.3</subfield>
    <subfield code="w">2021-02-20</subfield>
    <subfield code="y">BK</subfield>
    <subfield code="z">soa 20/02/21</subfield>
  </datafield>
  <datafield tag="952" ind1=" " ind2=" ">
    <subfield code="0">0</subfield>
    <subfield code="1">0</subfield>
    <subfield code="2">lcc</subfield>
    <subfield code="4">0</subfield>
    <subfield code="7">0</subfield>
    <subfield code="a">PHNS</subfield>
    <subfield code="b">PHNS</subfield>
    <subfield code="c">GEN</subfield>
    <subfield code="d">2021-02-20</subfield>
    <subfield code="l">0</subfield>
    <subfield code="o">RT71.T22</subfield>
    <subfield code="p">01036</subfield>
    <subfield code="r">2021-02-20 00:00:00</subfield>
    <subfield code="t">c.4</subfield>
    <subfield code="w">2021-02-20</subfield>
    <subfield code="y">BK</subfield>
    <subfield code="z">soa 20/02/21</subfield>
  </datafield>
</record>
